Improving the prediction of stress softening in rubber components (Record no. 60913)
[ view plain ]
| 000 -LEADER | |
|---|---|
| fixed length control field | 00491nam a2200181Ia 4500 |
| 100 ## - MAIN ENTRY--AUTHOR NAME | |
| Personal name | Alshuth T |
| 245 #0 - TITLE STATEMENT | |
| Title | Improving the prediction of stress softening in rubber components |
| 260 ## - PUBLICATION, DISTRIBUTION, ETC. (IMPRINT) | |
| Name of publisher | Kautschuk Gummi Kunststoffe |
| Year of publication | 2007 |
| 300 ## - PHYSICAL DESCRIPTION | |
| Number of Pages | 670-677 |
| 650 ## - SUBJECT ADDED ENTRY--TOPICAL TERM | |
| Topical Term | Elastomers |
| 650 ## - SUBJECT ADDED ENTRY--TOPICAL TERM | |
| Topical Term | FEA |
| 650 ## - SUBJECT ADDED ENTRY--TOPICAL TERM | |
| Topical Term | Phenomenological material models |
| 650 ## - SUBJECT ADDED ENTRY--TOPICAL TERM | |
| Topical Term | Stress softening |
| 700 ## - ADDED ENTRY--PERSONAL NAME | |
| Personal name | Jerrams S |
| 700 ## - ADDED ENTRY--PERSONAL NAME | |
| Personal name | McNamara J |
| 942 ## - ADDED ENTRY ELEMENTS (KOHA) | |
| Koha item type | Journals |
| Withdrawn status | Lost status | Damaged status | Not for loan | Home library | Current library | Shelving location | Date acquired | Serial Enumeration / chronology | Koha item type |
|---|---|---|---|---|---|---|---|---|---|
| Journals | RRII Library | RRII Library | Rubber chemistry | 11/01/2008 | Volume 60, Issue 12 | Journals |